<?xml version="1.0" encoding="UTF-8"?><?xml-stylesheet type="text/xsl" href="static/style.xsl"?><OAI-PMH xmlns="http://www.openarchives.org/OAI/2.0/" xmlns:xsi="http://www.w3.org/2001/XMLSchema-instance" xsi:schemaLocation="http://www.openarchives.org/OAI/2.0/ http://www.openarchives.org/OAI/2.0/OAI-PMH.xsd"><responseDate>2026-04-29T00:34:57Z</responseDate><request verb="GetRecord" identifier="oai:repisalud.isciii.es:20.500.12105/14144" metadataPrefix="marc">https://repisalud.isciii.es/rest/oai/request</request><GetRecord><record><header><identifier>oai:repisalud.isciii.es:20.500.12105/14144</identifier><datestamp>2025-06-02T10:58:35Z</datestamp><setSpec>com_20.500.12105_2405</setSpec><setSpec>com_20.500.12105_2403</setSpec><setSpec>col_20.500.12105_2418</setSpec></header><metadata><record xmlns="http://www.loc.gov/MARC21/slim" xmlns:dcterms="http://purl.org/dc/terms/" xmlns:doc="http://www.lyncode.com/xoai" xmlns:xsi="http://www.w3.org/2001/XMLSchema-instance" xsi:schemaLocation="http://www.loc.gov/MARC21/slim http://www.loc.gov/standards/marcxml/schema/MARC21slim.xsd">
   <leader>00925njm 22002777a 4500</leader>
   <datafield ind2=" " ind1=" " tag="042">
      <subfield code="a">dc</subfield>
   </datafield>
   <datafield ind2=" " ind1=" " tag="720">
      <subfield code="a">Marcos-Garcia, Maria Dolores</subfield>
      <subfield code="e">author</subfield>
   </datafield>
   <datafield ind2=" " ind1=" " tag="720">
      <subfield code="a">Ramos-Gonzalez, Maria Victoria</subfield>
      <subfield code="e">author</subfield>
   </datafield>
   <datafield ind2=" " ind1=" " tag="260">
      <subfield code="c">2021-12</subfield>
   </datafield>
   <datafield ind2=" " ind1=" " tag="520">
      <subfield code="a">This paper has focused on analyzing the impact of Information and Communication Technologies (ICTs) to prevent or reduce errors during therapeutic drug administration. The methodology used has included scientific literature and marketed appliances reviews and laboratory tests on radiant devices. The role of the patient has been analyzed, both in terms of compliance with the prescribed treatments and user of technical solutions designed for administering medication. In addition, it has taken into account, how a future characterized by multiple technologies designed to support our daily routines, including health care, might affect the current model of relationship between health professionals and patients. Particular attention has been given to safety risks of ICTs in environments characterized by concurrent electromagnetic emissions operating at different frequencies. Implications and new scenarios from Internet of Things or IoT, have been considered, in light of the approach taken jointly by the European Commission and the European Technology Platform on Intelligent Systems Integration – EPoSS, in their 2008 report Internet of Things in 2020: a roadmap for the future, and how the concept has evolved since then.</subfield>
   </datafield>
   <datafield ind1="8" ind2=" " tag="024">
      <subfield code="a">Marcos García, M. Dolores; Ramos González, Victoria. The safe administration of medication within the electromagnetic scenarios of the Internet of Things (IoT): looking towards the future. Madrid; Instituto de Salud Carlos III, Unidad de Investigación en Telemedicina y Salud Digital: 2021.</subfield>
   </datafield>
   <datafield ind1="8" ind2=" " tag="024">
      <subfield code="a">http://hdl.handle.net/20.500.12105/14144</subfield>
   </datafield>
   <datafield ind1="8" ind2=" " tag="024">
      <subfield code="a">10.4321/repisalud.14144</subfield>
   </datafield>
   <datafield ind1="8" ind2=" " tag="024">
      <subfield code="a">834210242</subfield>
   </datafield>
   <datafield ind1="8" ind2=" " tag="024">
      <subfield code="a">834210258</subfield>
   </datafield>
   <datafield ind2="0" ind1="0" tag="245">
      <subfield code="a">The safe administration of medication within the electromagnetic scenarios of the Internet of Things (IoT): looking towards the future</subfield>
   </datafield>
</record></metadata></record></GetRecord></OAI-PMH>